000 00707nam a2200217 i 4500
001 50281
003 ES-MaACL
005 20251114111828.0
007 t|
008 030801s1977 sp ||||1| spa d
100 1 _aCrossman, R.H.S.
_941727
245 1 0 _aBiografía del estado moderno /
_cR. H. S. Crossman , [traducción de J. A. Fernández de Castro].
250 _a[3ª ed.].
260 _a[Madrid] :
_bFondo de Cultura Económica,
_c[1977]
300 _a385 p. ;
_c17 cm.
490 1 _aColección popular (Fondo de Cultura Económica) ;
_v63
_9241328
700 0 _aFernández de Castro, J. A.
_949641
852 _aES-MaACL
_jA-8252
_bR.97248
942 _2udc
999 _c50281
_d50281